Statistiken für Alle Ausfahrten der Mühlkreis-Autobahn (A7)

Klicken Sie hier um das Quiz zu spielen!

Allgemein

  • Dieses Quiz wurde 27 mal gespielt
  • Das Durchschnittsergebnis liegt bei 9 aus 16

Antwortstatistiken

kmBz.Ausfahrt% Korrekt
0,0LLLinz
90%
12,5LUrfahr
80%
14,6LDornach
70%
24,8UUEngerwitzdorf
70%
21,7UUGallneukirchen
60%
9,8LPrinz-Eugen-Straße
60%
4,4LSalzburger Straße
60%
18,8UUTreffling
60%
2,4LFranzosenhausweg
50%
26,8FRUnterweitersdorf
50%
7,2LWiener Straße
50%
12,0LHafenstraße
40%
6,3LHummelhof
40%
8,9LIndustriezeile
40%
5,6LMuldenstraße
40%
8,2LVoestalpine
40%

Verteilung der Resultate

Perzentil nach korrekt beantworteten Fragen

Anzahl Personen mit jedem Resultat

Ihre Resultats-Entwicklung

Sie haben dieses Quiz noch nicht gespielt